| 000 | 00914nam a2200133Ia 4500 | ||
|---|---|---|---|
| 008 | 171212s9999 xx 000 0 und d | ||
| 020 | _a9780833076670 | ||
| 100 | _aDeCamp, Jennifer;Meadows, Sarah O.;Costa, Barry;Williams, Kayla M.;Bornmann, John | ||
| 245 |
_cDeCamp, Jennifer;Meadows, Sarah O.;Costa, Barry;Williams, Kayla M.;Bornmann, John _aAn Assessment of the Ability of the U.S. Department of Defense and the Services to Measure and Track Language and Culture Training and Capabilities Among General Purpose Forces |
||
| 260 |
_bRAND Corporation _c2012 |
||
| 650 | _aBusiness | ||
| 650 | _aSoldiers -- Education, Non-military -- United States; United States -- Armed Forces -- Officials and employees -- Education; Language and languages -- Study and teaching -- United States; Military education -- United States -- Evaluation; Cultural compete | ||
| 856 | _uhttp://www.jstor.org/stable/10.7249/j.ctt5hhv8m | ||
| 999 |
_c351712 _d351712 |
||